00319nam a2200133Ia 45000030006000000080041000060400015000471000028000622450026000902600036001163000006001525460010001580050017001680STCL150530s9999 xx 000 0 und d aSTCLcSTCL aBhagavathi Charan Verma aBhoole Bhikare Chitra bRajkamal Prakashan; Delhic1959 a0 aHindi20220125171237.0